MARC

Tag First Indicator Second Indicator Subfields
LEADER 00000cam a22000008a 4500
001 in00000012309
005 20151007051813.0
008 871030s1987 ne a b 10110 eng
010 |a  87032076  
020 |a 9027726604 
035 |a (OCoLC)17200933 
035 |9 AAA4870AM 
040 |a DLC  |c DLC  |d TXA  |d UtOrBLW 
049 |a TXAM  |c [A12605520] 
050 0 0 |a QP519.7  |b .N38 1987 
082 0 |a 660/.63  |2 19 
111 2 |a NATO Advanced Research Workshop on Analytical Uses of Immobilized Biological Compounds for Detection, Medical, and Industrial Uses  |d (1987 :  |c Florence, Italy) 
245 1 0 |a Analytical uses of immobilized biological compounds for detection, medical, and industrial uses /  |c edited by George G. Guilbault and Marco Mascini. 
263 |a 8712 
264 1 |a Dordrecht ;  |a Boston :  |b D. Reidel Pub. Co. ;  |c [1988] 
264 2 |a Norwell, MA, U.S.A. :  |b Sold and distributed in the U.S.A. and Canada by Kluwer Academic Publishers, 
264 4 |c ©1988 
300 |a xv, 396 pages :  |b illustrations 
336 |a text  |b txt  |2 rdacontent 
337 |a unmediated  |b n  |2 rdamedia 
338 |a volume  |b nc  |2 rdacarrier 
490 1 |a NATO ASI series. Series C, Mathematical and physical sciences ;  |v vol. 226 
500 |a "Proceedings of the NATO Advanced Research Workshop on Analytical Uses of Immobilized Biological Compounds for Detection, Medical, and Industrial Uses, Florence, Italy, May 4-8, 1987"--Title page verso. 
500 |a "Published in cooperation with NATO Scientific Affairs Division." 
504 |a Includes bibliographies and indexes. 
650 0 |a Biochemistry  |x Technique  |x Congresses. 
650 0 |a Immobilized enzymes  |x Congresses. 
650 0 |a Immobilized proteins  |x Congresses. 
650 0 |a Biosensors  |v Congresses. 
700 1 |a Guilbault, George G. 
700 1 |a Mascini, Marco. 
710 2 |a North Atlantic Treaty Organization.  |b Scientific Affairs Division. 
830 0 |a NATO ASI series.  |n Series C,  |p Mathematical and physical sciences ;  |v no. 226. 
999 |a MARS 
999 f f |s 88263e15-0ef9-3602-9009-81a4e628c94d  |i 54f1af01-2943-30f1-82c8-9caa4bf2a70a  |t 0 
952 f f |p ric  |a Texas A&M University  |b Rellis Campus  |c Joint Library Facility  |d Remote Storage  |t 0  |e QP519.7 .N38 1987  |h Library of Congress classification  |i unmediated -- volume  |m A14812605520 
998 f f |a QP519.7 .N38 1987  |t 0  |l Remote Storage